000 00342nam a2200145Ia 4500
008 150201s2008 xx 000 0 und d
082 _a612.015
_bC08M
100 _aMAHESHWARI, NANDA
245 _aCLINICAL BIOCHEMISTRY
250 _a1ST
260 _bJAYPEE
_aDELHI
_c2008
300 _a1-201
650 _aBIOCHEMISTRY
942 _2ddc
_cBK
_05
999 _c1332
_d1332